| 000 | 00496pab a2200193 454500 | ||
|---|---|---|---|
| 008 | 180718b2013 xxu||||| |||| 00| 0 eng d | ||
| 100 | _aSharma, Nivedita | ||
| 245 | _aContract farming and farmer participation in Punjab | ||
| 260 | _c2013 | ||
| 300 | _ap.85-102. | ||
| 362 | _aDec | ||
| 650 | _aAgriculture - India - Punjab | ||
| 650 | _aFarmers - India - Punjab | ||
| 650 | _aAgriculture | ||
| 700 | _aSingh, S.P. | ||
| 773 | _aMan and Development | ||
| 908 | _aN | ||
| 909 | _a102393 | ||
| 999 |
_c102391 _d102391 |
||